[Event "Cambridge op"]
[Site "Cambridge"]
[Date "2023.02.18"]
[Round "7"]
[White "Pert, Nina P"]
[Black "Villiers, Thomas"]
[Result "0-1"]
[WhiteElo "2009"]
[BlackElo "2186"]
[PlyCount "156"]
[EventDate "2023.02.15"]
[EventType "swiss"]
[EventRounds "9"]
[EventCountry "ENG"]
[SourceTitle "CBM 212 Extra"]
[Source "ChessBase"]
[SourceDate "2023.03.31"]
[SourceVersion "1"]
[SourceVersionDate "2023.03.31"]
[SourceQuality "1"]

1. e4 Nf6 2. e5 Nd5 3. Nc3 Nxc3 4. dxc3 d5 5. Nf3 c5 6. Bb5+ Nc6 7. 0-0 a6 8. Be2 Bg4 9. h3 Bxf3 10. Bxf3 e6 11. Qe2 Be7 12. Bf4 0-0 13. Rad1 Qa5 14. a3 Qb5 15. Rb1 Qxe2 16. Bxe2 Rad8 17. Rfd1 f6 18. exf6 Bxf6 19. Bc7 Rc8 20. Bd6 Be7 21. Bxe7 Nxe7 22. Re1 Rf6 23. Bf3 Nf5 24. Re5 Nd6 25. Rbe1 Kf7 26. Bh5+ g6 27. Be2 Re8 28. c4 Rf5 29. Rxf5+ Nxf5 30. cxd5 exd5 31. Kf1 Nd4 32. Bd1 Rd8 33. h4 Kf6 34. h5 g5 35. Bg4 Nxc2 36. Rc1 Nd4 37. Rxc5 Ne6 38. Rc1 Rd6 39. g3 Rc6 40. Rxc6 bxc6 41. Ke1 Ke5 42. h6 a5 43. Bd1 Nd4 44. Bh5 Kf6 45. Kd2 Nf5 46. b4 axb4 47. axb4 Ke5 48. Bg6 Nxh6 49. Bxh7 Kd4 50. Bd3 Ng4 51. f4 Nf2 52. Ba6 Ne4+ 53. Kc2 g4 54. Be2 Nf6 55. Kd2 Ke4 56. Bd1 Kd4 57. Be2 Ne4+ 58. Kc2 Nf2 59. Kd2 Ke4 60. Ba6 Kf3 61. Bb7 Ne4+ 62. Ke1 Kxg3 63. Bxc6 Nf6 64. b5 Kh2 65. b6 g3 66. b7 g2 67. b8Q g1Q+ 68. Ke2 Qg2+ 69. Kd1 Qf1+ 70. Kd2 Ne4+ 71. Kc2 Qc4+ 72. Kb2 Qxc6 73. Qe5 Qf6 74. Kc2 Qxe5 75. fxe5 Nc5 76. Kc3 Ne6 77. Kd3 Kg3 78. Ke3 Kg4 0-1

[Event "Cambridge op"]
[Site "Cambridge"]
[Date "2023.02.17"]
[Round "5"]
[White "Pert, Nina P"]
[Black "Golubovic, Boris"]
[Result "0-1"]
[WhiteElo "2009"]
[BlackElo "2349"]
[PlyCount "94"]
[EventDate "2023.02.15"]
[EventType "swiss"]
[EventRounds "9"]
[EventCountry "ENG"]
[SourceTitle "CBM 212 Extra"]
[Source "ChessBase"]
[SourceDate "2023.03.31"]
[SourceVersion "1"]
[SourceVersionDate "2023.03.31"]
[SourceQuality "1"]

1. e4 c5 2. Nc3 a6 3. g3 Nc6 4. Bg2 g6 5. Nf3 Bg7 6. 0-0 d6 7. Re1 Bg4 8. h3 Bxf3 9. Bxf3 e6 10. d3 Nge7 11. Be3 b5 12. Qc1 h5 13. Ne2 Rc8 14. Bg2 b4 15. a3 a5 16. Rb1 Qb6 17. axb4 axb4 18. Ra1 Nd4 19. Qb1 0-0 20. Nxd4 Bxd4 21. Bxd4 cxd4 22. g4 hxg4 23. hxg4 Rc5 24. Bf3 g5 25. Bd1 Ng6 26. Qa2 b3 27. Qxb3 Qxb3 28. cxb3 Nf4 29. Be2 Rb8 30. Ra6 Rxb3 31. Rxd6 Rc1 32. Kf1 Rxe1+ 33. Kxe1 Rxb2 34. Bd1 Nxd3+ 35. Kf1 Rxf2+ 36. Kg1 Rd2 37. Ba4 Ne5 38. Bb3 Nxg4 39. Rd8+ Kg7 40. Rd7 Kf6 41. Kf1 Ne5 42. Rd8 g4 43. Rg8 d3 44. Rh8 g3 45. Rh3 Rf2+ 46. Kg1 Nf3+ 47. Kh1 g2# 0-1

[Event "BCF-chT2 2223 (4NCL)"]
[Site "England"]
[Date "2023.01.15"]
[Round "4.37"]
[White "Milson, Samuel"]
[Black "Pert, Nina P"]
[Result "0-1"]
[WhiteElo "2184"]
[BlackElo "2150"]
[PlyCount "84"]
[EventDate "2022.10.22"]
[EventType "team-tourn"]
[EventRounds "11"]
[EventCountry "ENG"]
[SourceTitle "EXT 2024"]
[Source "ChessBase"]
[SourceDate "2023.10.10"]
[SourceVersion "1"]
[SourceVersionDate "2023.10.10"]
[SourceQuality "1"]
[WhiteTeam "The Sharks II"]
[BlackTeam "Barbican"]
[WhiteTeamCountry "ENG"]
[BlackTeamCountry "ENG"]

1. e4 c6 2. Nf3 d5 3. Nc3 Bg4 4. h3 Bxf3 5. Qxf3 Nf6 6. Be2 e6 7. 0-0 Be7 8. e5 Nfd7 9. Qg3 0-0 10. d4 Kh8 11. f4 c5 12. dxc5 Bxc5+ 13. Kh1 f6 14. exf6 Nxf6 15. f5 Qe7 16. Bg5 Nbd7 17. Rae1 d4 18. fxe6 dxc3 19. Bd3 Nb6 20. Qh4 h6 21. Re5 Bd6 22. Ref5 Kg8 23. Bxh6 Nh7 24. Qg4 Rxf5 25. Bxf5 cxb2 26. c4 Rf8 27. Qg6 Rxf5 28. Qxf5 gxh6 29. Qe4 Ng5 30. Qg6+ Qg7 31. Qe8+ Kh7 32. c5 Ne4 33. Re1 Ng3+ 34. Kg1 Bxc5+ 35. Kh2 Bd6 36. Qb5 Ne4+ 37. Kg1 Qd4+ 38. Kh1 Nf2+ 39. Kg1 Nxh3+ 40. Kh1 Nf2+ 41. Kg1 Nd3+ 42. Kh1 Qh4+ 0-1